Atlas ilustrado de los juegos del mundo en familia

Saved in:
Bibliografiske detaljer
Main Authors: Glenn, Jim (Author), Denton, Carey (Author)
Format: Bog
Sprog:spansk
Udgivet: Madrid Susaeta 2005
Udgivelse:1a. ed
Fag:
Tags: Tilføj Tag
Ingen Tags, Vær først til at tagge denne postø!

MARC

LEADER 00000nam a2200000 a 4500
001 UCH9426
003 CL-VaPUC
008 100107e20050000SP |||||||||||||||||spa|d
020 |a 8430554629 
082 0 4 |a 7  |b GLE  |2 21 
100 0 |a Glenn, Jim  |e author  |9 546487 
700 0 |a Denton, Carey  |e author  |9 546488 
245 1 0 |a Atlas ilustrado de los juegos del mundo en familia 
250 |a 1a. ed 
300 |a 251 p 
942 |c BK 
945 |d 20100107 00:00:00  |a cmena 
260 |a Madrid  |b Susaeta  |c 2005 
500 |a Durante miles de años, los juegos se han transmitido de generación en generación y mantenido vivos gracias a sus jugadores. A pesar de la llegada de la televisión, los videojuegos y los computadores, la tradición sigue viva. Los niños mayores suelen enseñar las reglas de los juegos de patio a los pequeños, y los padres transmiten a sus hijos las de los de cartas y de mesa 
650 0 |a Juegos   |9 243060 
650 0 |a Juegos de mesa  |9 395886 
650 0 |a Juego de cartas  |9 546489 
650 0 |a Juegos al aire libre  |9 474689 
650 0 |a Familias   |9 255641 
650 0 |a Costumbres y tradiciones   |9 268292 
583 |a last modification  |c 20100107 00:00:00  |k Rodrigo Vera 
999 |c 339395  |d 339393 
952 |0 0  |1 0  |4 0  |6 7_000000000000000_GLE_2005  |7 0  |8 C  |9 433042  |a BIBCUR  |b BIBCUR  |d 2019-11-22  |i 4582675  |l 2  |o 7 GLE 2005  |p 4582675  |r 2025-04-22  |s 2023-07-11  |w 2019-11-22  |y BK  |k INF